| 000 | 00406nam a2200157Ia 4500 | ||
|---|---|---|---|
| 008 | 130318s9999 xx 000 0 und d | ||
| 020 | _a9788130917566 | ||
| 082 | _a658.4012 PIP/B | ||
| 100 | _aRiley, Pippa | ||
| 245 | _aBusiness strategy | ||
| 260 |
_bBPP Learning Media _aNew Delhi _c2011 |
||
| 300 | _a311 | ||
| 440 | _aBusiness essentials series | ||
| 650 | _aBUSINESS STRATEGY | ||
| 650 | _aMANAGEMENT | ||
| 999 |
_c2192 _d2192 |
||